Statistics for South Korea A-Z

Click here to take the quiz!

General Stats

  • This quiz has been taken 255 times
    (191 since last reset)
  • The average score is 12 of 24

Answer Stats

HintAnswer% Correct
GSeoul district PSY rapped aboutGangnam
89%
WCurrencyWon
78%
KKorean fermented cabbageKimchi
77%
ICity home to the busiest
airport in Korea
Incheon
75%
DStrip of land between
South Korea and North Korea
Demilitarized
Zone
74%
BMost popular boy bandBTS
74%
JLargest islandJeju
71%
YSea I overlooksYellow Sea
66%
TNational sportTaekwondo
65%
LMajor electronics corporationLG
59%
MCurrent presidentMoon Jae-in
55%
HAlphabet used in South KoreaHangul
53%
ESea to the southwestEast China Sea
52%
PHost of 2019 Winter OlympicsPyeongchang
49%
USpecial city north of BusanUlsan
46%
VThird-largest ethnic groupVietnamese
41%
NKorean for Karaoke ------Noraebang
31%
F4.8% of the population work in
this sector of the economy
Farming
30%
RFirst presidentRhee Syngman
28%
SGreat king who invented HSejong
28%
O2003 action thriller
by Park Chan-wook
Oldboy
17%
ASports tournaments won in
1956 and 1960
Asian Cup
16%
CCapital of South GyeongsangChangwon
12%
ZTerm for Koreans in JapanZainichi
7%

Score Distribution

Percentile by Number Answered

Percent of People with Each Score

Your Score History

You have not taken this quiz since the last reset